Cub Scout Promise Quiz Stats

 Plays Quiz not verified by Sporcle

Also try: Car Logos
Challenge
Share
Tweet
Embed
Score 0/31 Timer 03:00
0 Plays Today
Word % Correct
Promise
91.2%
To
85.3%
Do
85.3%
My
85.3%
I
79.4%
To
73.5%
Duty
61.8%
To
44.1%
Do
41.2%
My
41.2%
Best
32.4%
My
23.5%
And
23.5%
Do
20.6%
To
20.6%
God
20.6%
Word % Correct
To
20.6%
The
20.6%
The
20.6%
Duty
17.6%
My
17.6%
Country
17.6%
Help
17.6%
Other
17.6%
People
17.6%
And
17.6%
Obey
17.6%
Law
17.6%
Of
17.6%
Pack
17.6%
To
14.7%

You're not logged in!

Compare scores with friends on all Sporcle quizzes.
OR
Log In

You Might Also Like...

Show Comments

Extras

Top Quizzes Today


Score Distribution

Your Account Isn't Verified!

In order to create a playlist on Sporcle, you need to verify the email address you used during registration. Go to your Sporcle Settings to finish the process.

Report this User

Report this user for behavior that violates our Community Guidelines.

Details: